The Charter of Rights and Freedoms

Detalles Bibliográficos
Autor principal: Sharpe, Robert J.
Otros Autores: Roach, Kent
Formato: eBook
Lenguaje:inglés
Publicado: Toronto: Irwin Law Inc., 2009
Edición:Cuarta Edicin̤
Materias:
Acceso en línea:Acceso restringido

MARC

LEADER 00000nam a22000007a 4500
005 20210903224829.0
007 cr|||| ||||
008 210903s2009 ca |||||s|||| 00||0 eng d
020 |a 9781552212615 
035 |a 35320 
040 |a vLex 
090 |c 12235  |d 12235 
100 1 |a Sharpe, Robert J. 
245 1 3 |a The Charter of Rights and Freedoms  |h [Recurso electrn̤ico] /  |c Robert J. Sharpe, Kent Roach 
250 |a Cuarta Edicin̤ 
256 |a Servicio en ln̕ea 
260 |a Toronto:  |b Irwin Law Inc.,  |c 2009 
300 |a 1 recurso electrn̤ico 
506 1 |a Disponible solo en los productos indicados  |d vLex Global  |d vLex Global (Academic Edition, excluding Law Schools)  |d vLex Global (U.S. Academic Edition, Law Schools)  |d vLex Global (U.S. Academic Edition, excluding Law Schools)  |d vLex Global (Academic Edition, Law Schools) 
650 0 4 |a Derecho Internacional  |z Canad̀ 
700 1 |a Roach, Kent 
740 0 |a vLex Libros (Servicio en ln̕ea) 
856 4 0 |u https://app.vlex.com/#/sources/35320  |z Acceso restringido 
942 |c BOOK 
999 0 |a International right